000 00339nam a2200145 i 4500
001 bg
100 1 _aSŁODOWY, Piotr
245 0 _aElektronika w moim samochodzie /
_cPiotr Słodowy.
250 _aWyd.2 zm.
260 _aWarszawa,
_c1980.
040 _cBPK
041 _apol
942 _cKS
008 s pl f |000 0 pol
999 _c19369
_d19369
856 _uhttp://koha.tu.koszalin.pl/cgi-bin/koha/opac-detail.pl?biblionumber=19369
_yKatalog online BPK